The ultimate WW2 quiz - Statistics

General Stats
  • This quiz has been taken 18 times
  • The average score is 19 of 63
Answer Stats
Hint Answer % Correct
Allied amphibious invasion, taking place in Normandy France D-Day
93%
Soviet dictator Joseph Stalin
80%
Japanese planes bomb an American naval base, leading to the U.S joining WW2 Pearl Harbor
73%
The year WW2 started 1939
67%
The German Fuhrer Adolf Hitler
67%
Italian fascist dictator Benito Mussolini
67%
North American country joins the war to aid the U.S in the pacific theatre Mexico
67%
British prime minster for majority of the war Winston Churchill
67%
The year WW2 ended 1945
60%
German war tactic meaning “lightning war” Blitzkrieg
60%
German secret police Gestapo
60%
The genocide of the Jewish people during WW2 The Holocaust
60%
South American country where German war criminals fled to Argentina
53%
Allied airborne operation in the Netherlands Battle of Arnhem/Market Garden
53%
The deadliest battle of WW2, common deaths related to extreme cold Battle of Stalingrad
53%
Japanese war tactic involving suicide bomber pilots Kamikaze
53%
German general in North Africa, known as the “Desert Fox” Erwin Rommel
47%
Main Axis powers Germany, Italy, Japan
47%
Famous man credited for creating the atomic bomb Robert Oppenheimer
47%
Hitlers elite guard The SS
47%
Hitler allegedly died in his Bunker
40%
Germany invades a Scandinavian country, resulting in a massive resistance movement Denmark
40%
Supreme Allied Commander, future president Dwight D Eisenhower
40%
U.S president through most of WW2 FDR
40%
German Air Force Luftwaffe
40%
Massive naval and aerial battle in the Pacific Theatre Battle of Midway
33%
Major battle taking place in the Ardennes Forest Battle of the Bulge
33%
Leader of the Free French Movement Charles De Gaulle
33%
The leader of the SS Heinrich Himmler
33%
Conflict involving the USSR and Finland The Winter War
33%
Soviet secret police NKVD
27%
Famous U.S tank named after a famous Civil War General Sherman
27%
Main German army Wehrmacht
27%
U.S heavy bomber nicknamed the “Flying Fortress” B-17
20%
British officer/war hero, known as the “Spartan General” Bernard Montgomery
20%
Atomic bomb dropped on Hiroshima japan Little Boy
20%
British special forces unit SAS
20%
German bomber known for its “Jericho Trumpets” Stuka
20%
Famous German tank, feared by the allies Tiger
20%
German troops stationed in North Africa Afrika Korps
13%
Hitler often vacationed in his home in Bavaria
13%
German troops invade a European country, officially starting WW2 Invasion of Poland
13%
Germanys invasion of the USSR Operation Barbarossa
13%
Finnish sniper known as the “White Death” Simo Hayha
13%
Hergé created a popular Belgian comic, rumored to be a Nazi sympathizer Tin Tin
13%
Soviet offensive leading to the Fall of Berlin Battle of Berlin
7%
Battle in The Solomon Islands, resulting in the allies capturing a Japanese airfield Battle of Guadalcanal
7%
USMC and USN beach landing, iconic American photo taken involving a raised flag Battle of Iwo Jima
7%
Amphibious invasion in Salerno Italy Operation Avalanche
7%
Church where a soldiers parachute famously got caught in the church steeple Saint Mere Eglise
7%
Deadly Soviet sniper, notably featured in the terrible movie “Enemy At The Gates” Vasily Zaitsev
7%
German militia group made up of old men and young children Volkssturm
7%
U.S airborne division known as the “screaming eagles” 101st airborne
0%
Main Allied powers America, France, UK, USSR/Soviet Union, China
0%
Infamous Japanese war tactic, involving large groups charging with bayonets Banzai Charge
0%
Battle taking place in Ukraine, heavy losses Battle of Kiev
0%
Major battle in Italy also known as the Battle for Rome Battle of Monte Casino
0%
Vital Allied battle, capturing the bridge that crosses the Rhine River Battle of Remagen
0%
Failed allied operation, resulting in a mass evacuation Dunkirk Evacuation
0%
The famous spiked traps, set up to catch tanks during D-Day Hedgehog trap
0%
Famous Soviet leader, known as the most decorated man of WW2 Marshal Zhukov
0%
Spain famously did not participate in WW2 on account of the Spanish Civil War
0%
A desert battle in North Africa involving the British, Anzacs, and various Axis soldiers The Battle of El Alamein
0%
No matching quizzes found
Score Distribution
Percent of People with Each Score
Percentile by Number Answered
Your Score History
You have not taken this quiz